Estimate the Number of... - Statistics

General Stats
  • This quiz has been taken 47 times
    30 since last reset
  • The average score is 4 of 16
Answer Stats
How many... Margin of Error Answer % Correct
...bones in the adult human body? ±10 206
69%
...member states in the United Nations? ±2 193
62%
...elements on the periodic table? ±3 118
41%
...hours are in a fortnight? ±25 336
41%
...original Pokémon are there? ±5 151
34%
...episodes of The Office (US) are there? ±50 201
24%
...medals did the US earn in the 2024 Olympics? ±25 126
21%
...babies were born each hour (on avg.) in the US in 2024? ±250 413
17%
...goals Messi scored for Barcelona? ±100 672
17%
...Popes have there been? ±50 267
14%
...calories are in a McDonald's Big Mac (US)? ±100 590
14%
...D1 NCAA institutions are there? ±150 365
10%
...subway stations on the NYC metro? ±100 472
7%
...tiles are there in a standard game of Scrabble? ±25 100
3%
...bridges does the city of Pittsburgh have according to a 2006 study? ±75 446
3%
...Michelin Star restaurants are there in France (2025)? ±100 654
3%
No matching quizzes found
Score Distribution
Percent of People with Each Score
Percentile by Number Answered
Your Score History
You have not taken this quiz since the last reset